Noms déformés de stations du métro parisien #2 - Statistiques

Statistiques générales
  • Ce quiz a été pris 14 fois
  • Le résultat moyen est 11 sur 20
Statistiques - réponses
Faux Nom Vrai Nom % Correct
Bourg-Hakim Bir-Hakeim
91%
Cinq Octobre Quatre Septembre
91%
Ses airs d'ainé Aimé Césaire
73%
Eole Milllénaire Ecole Militaire
73%
Mon pote niquait Grenelle La-Motte-Picquet - Grenelle
73%
Max dormait Marx Dormoy
73%
Rage l'Âne Ranelagh
73%
Mal, ah kof ! Plate ode de Vanves. Malakoff - Plateau de Vanves
64%
Chaussure dotée de la faillite Chaussée d'Antin - La Fayette
55%
La Pelleteuse Le Peletier
55%
Sol Fa Ré Do Solférino
55%
Mozart hisse Botzaris
45%
Camp formé Campo Formio
45%
Cheville dans la rue Chevilly-Larue
45%
Corentin Le Con Corentin Celton
45%
Téléphone Télégraphe
45%
Maisons-Alfort - Ecole Vétérinaire Ecole Vétérinaire de Maisons-Alfort
36%
Cave à vin Vavin
36%
Beau champ Brochant
18%
Babar Balard
9%
Aucun quiz correspondant
Distribution des résultats
% des personnes avec chaque résultat
Percentile par nombre de réponses
Votre historique - résultats
Vous n’avez pas pris ce quiz